000 00569nam a2200181 i 4500
001 111746
003 ES-MaACL
005 20251124063454.0
007 t|
008 061121s1959 ua r ||||1| eng d
100 1 _aNasser, Gamal Abd el,
_d1918-1970
_984975
245 1 0 _aPresident Gamal Abdel-Nasser's speeches and press interwiews.
260 _a[Cairo :
_bInformation Departament],
_c1959.
300 _a628 p. 9 láms. ;
_c24 cm.
651 4 _aEgipto-
_xHistoria-
_y1952-1970.
_98143
852 _aES-MaACL
_jC-25590
_bR.53108
999 _c111746
_d111746